opac header image

Wonderland of air (Record no. 34735)

MARC details
000 -LEADER
fixed length control field 00799nam a22002417a 4500
003 - CONTROL NUMBER IDENTIFIER
control field OSt
005 - DATE AND TIME OF LATEST TRANSACTION
control field 20240330204655.0
008 - FIXED-LENGTH DATA ELEMENTS--GENERAL INFORMATION
fixed length control field 240328b |||||||| |||| 00| 0 hin d
020 ## - INTERNATIONAL STANDARD BOOK NUMBER
International Standard Book Number 9788123728223
040 ## - CATALOGING SOURCE
Original cataloging agency NISER LIBRARY
Transcribing agency NISER LIBRARY
041 ## - LANGUAGE CODE
Language code of text/sound track or separate title English
082 ## - DEWEY DECIMAL CLASSIFICATION NUMBER
Classification number 82-93
Item number MUR-W
100 ## - MAIN ENTRY--PERSONAL NAME
Personal name Murthi, R.K.
245 ## - TITLE STATEMENT
Title Wonderland of air
260 ## - PUBLICATION, DISTRIBUTION, ETC. (IMPRINT)
Place of publication, distribution, etc. New Delhi :
Name of publisher, distributor, etc. National Book Trust ,
Date of publication, distribution, etc. 2019.
300 ## - PHYSICAL DESCRIPTION
Extent 56p.
Dimensions 23.5"(L)x17.9"(W) cm
520 ## - SUMMARY, ETC.
Summary, etc. Shalu and his brother travels into the amazing land of air. In their journey they unravel the mysteries and facts about one of the most important components of life 'The Air'.
650 #0 - SUBJECT ADDED ENTRY--TOPICAL TERM
Topical term or geographic name as entry element Atmospheric layers
650 #0 - SUBJECT ADDED ENTRY--TOPICAL TERM
Topical term or geographic name as entry element Weather
650 #0 - SUBJECT ADDED ENTRY--TOPICAL TERM
Topical term or geographic name as entry element Air pollution
700 ## - ADDED ENTRY--PERSONAL NAME
Personal name Gangopadhyay, Neeta
Relator term Illustrator
942 ## - ADDED ENTRY ELEMENTS (KOHA)
Koha item type Children's Collection
Source of classification or shelving scheme Universal Decimal Classification
Holdings
Withdrawn status Lost status Source of classification or shelving scheme Damaged status Not for loan Home library Current library Shelving location Date acquired Source of acquisition Total Checkouts Full call number Barcode Date last seen Price effective from Koha item type
    Universal Decimal Classification     NISER LIBRARY NISER LIBRARY 2nd Floor - Children's Collection 04/03/2024 NISER/LIB/BK/PO/2023-24/21; DATED-01/02/2024; Oversea Press India Private Limited; IN31408; DATED- 19/02/2024   82-93 MUR-W 24909 28/03/2024 28/03/2024 Children's Collection